| 000 | 00469nam a22001577a 4500 | ||
|---|---|---|---|
| 008 | 160316b xxu||||| |||| 00| 0 eng d | ||
| 020 | _a978-1-934851-18-0 | ||
| 082 |
_22010 _aDC 811.54 _bF84c |
||
| 100 |
_93832 _aFratus, Tiziano. |
||
| 245 |
_aCreaturing/ _cTiziano Fratus; translated by Francesco Levato. |
||
| 260 |
_aUnited States: _bMarick Press, _cc2010. |
||
| 300 |
_avi, 93 pages; _c23 cm. |
||
| 650 | 0 |
_93833 _aPoems. |
|
| 650 | 0 |
_93834 _aPoetry. |
|
| 942 |
_2ddc _cDC |
||
| 999 |
_c1303 _d1303 |
||